Statistiques concernant Justice - Paroles de D.A.N.C.E

Cliquez ici pour prendre le quiz!

Statistiques générales

  • Ce quiz a été pris 21 fois
  • Le résultat moyen est 196 sur 341

Statistiques - réponses

Paroles% Correct
dance,
95%
D.A.N.C.E
95%
dance
95%
The
90%
the
90%
You
85%
you
85%
a
75%
One,
75%
three,
75%
two,
75%
do
70%
Do
70%
four,
60%
is
55%
move
55%
to
55%
A.B.C
50%
for
50%
Get
50%
ready
50%
way
50%
easy
45%
Just
45%
all
40%
As
40%
as
40%
it
40%
It
40%
me
40%
P.Y.T
40%
were
40%
lights
35%
make
35%
mystery
35%
such
35%
and
30%
B.E.A.T
30%
Catching
30%
ignite
30%
right!
30%
fight!
25%
how
25%
music
25%
or
25%
That's
25%
Under
25%
always
20%
black
20%
doesn't
20%
matter
20%
night
20%
spotlight
20%
Stick
20%
strong
20%
there
20%
white
20%
You're
20%
day
15%
might
15%
Neither
15%
Working
15%
happens
10%
Whatever
10%

Distribution des résultats

Percentile par nombre de réponses

% des personnes avec chaque résultat

Votre développement - résultats

Vous n’avez pas pris ce quiz